Anglicko-český a česko-anglický slovník ; Kol., ved. Ivan Poldauf
Na minha lista:
| Autor principal: | |
|---|---|
| Formato: | Livro |
| Idioma: | tcheco |
| Publicado em: |
Praha
Státní pedagogické nakladatelství
1971
|
| Edição: | 1. vyd. |
| Colecção: | Střední slovníky oboustranné
|
| Acesso em linha: | View in OPAC |
| Tags: |
Sem tags, seja o primeiro a adicionar uma tag!
|
MARC
| LEADER | 00000nam a2200000 a 4500 | ||
|---|---|---|---|
| 005 | 20260127134142.0 | ||
| 008 | 140530s1971 CS 0 cze c | ||
| 035 | |a vtls001148482 | ||
| 035 | |a SNK000091341 | ||
| 039 | 9 | |a 201405301045 |b VLOAD |c 201306201931 |d VLOAD |c 200810030958 |d mschk03 |y 200412251132 |z VLOAD | |
| 040 | |a SNK |b slo |c SNK |d STUSCHK1 |e AACR2 | ||
| 041 | 0 | |a cze | |
| 044 | |a [CS] | ||
| 080 | |a 801.323.2=20=850 |2 1. stred. slo | ||
| 245 | 0 | |a Anglicko-český a česko-anglický slovník ; Kol., ved. Ivan Poldauf | |
| 250 | |a 1. vyd. | ||
| 260 | |a Praha |b Státní pedagogické nakladatelství |c 1971 | ||
| 300 | |a 1223, [9] s. |c 8° | ||
| 490 | 0 | |a Střední slovníky oboustranné | |
| 700 | 1 | |a Poldauf, Ivan |4 aut | |
| 910 | |a SCHK95 | ||
| 999 | |c 5277 |d 5277 | ||